000 00730nam a2200241Ia 4500
003 OSt
005 20220927105209.0
006 a|||||r|||| 00| 0
007 ta
008 220926b |||||||| |||| 00| 0 eng d
024 _a159421
037 _cReference Collections
040 _aRTL
_cRTL
_beng
041 _2eng
_aeng
082 _a"X71 : 8Lm212, N50. N61, K1"
110 _aKERALA (Government of-)
_9356435
245 0 _aDetailed budget estimates 1961-62.Govt. of Kerala
260 _aTrivandrum
_bGovt. Press
_c1961
500 _aAppendix (155p)
700 _aKERALA (Government of-)
_9356437
942 _h"X71 : 8Lm212, N50. N61, K1"
_cCC
999 _c691131
_d691131